| 000 | 00709nam a22002297a 4500 | ||
|---|---|---|---|
| 001 | 181 | ||
| 003 | FISKH | ||
| 005 | 20230321140748.0 | ||
| 008 | 230302b cb ||||| |||| 00| 0 eng d | ||
| 040 |
_aFISKH _beng _cFISKH _dFISKH |
||
| 050 | _aPZ8.G276 | ||
| 082 | _a811 | ||
| 100 |
_aGeisel, Theodor Seuss _dDr. |
||
| 245 |
_aHorton hears a who! _cBy Dr. Seuss |
||
| 260 |
_aLondon _bHarperCollins _c1982 |
||
| 300 |
_a30 leaves of plates _c28 cm. |
||
| 505 | _aO | ||
| 520 | _aA city of Whos on a speck of dust are threatened with destruction until the smallest Who of all helps convince Horton's friends that Whos really exist. | ||
| 521 | 8 |
_a600
_bLexile |
|
| 521 | 8 |
_aO
_bRaz-Plus |
|
| 942 |
_2ddc _cBK _n0 |
||
| 999 |
_c181 _d181 |
||